[Event "Sydney op-A"]
[Site "Parramatta"]
[Date "2013.04.06"]
[Round "7"]
[White "Hu, Xi"]
[Black "Kuan, Julian"]
[Result "1-0"]
[WhiteElo "2280"]
[BlackElo "1948"]
[PlyCount "59"]
[EventDate "2013.04.03"]
[EventType "swiss"]
[EventRounds "9"]
[EventCountry "AUS"]
[SourceTitle "EXT 2023"]
[Source "ChessBase"]
[SourceDate "2022.10.05"]
[SourceVersion "1"]
[SourceVersionDate "2022.10.05"]
[SourceQuality "1"]

1. e4 c5 2. Nc3 Nc6 3. g3 g6 4. Bg2 Bg7 5. d3 Rb8 6. Be3 d6 7. Qd2 b5 8. Nge2 b4 9. Nd1 Nd4 10. c3 bxc3 11. bxc3 Nxe2 12. Qxe2 e5 13. 0-0 Ne7 14. f4 exf4 15. gxf4 0-0 16. Rc1 Qa5 17. Rc2 Bd7 18. Nb2 Be6 19. f5 gxf5 20. Bg5 f6 21. exf5 Bxa2 22. Qxe7 Bb3 23. Nc4 Qd8 24. Qe6+ Kh8 25. Rcf2 Bxc4 26. Qxc4 Re8 27. Qf7 Rf8 28. Qxa7 fxg5 29. f6 Bh6 30. Be4 1-0

[Event "Sydney op-A"]
[Site "Parramatta"]
[Date "2013.04.04"]
[Round "3"]
[White "Mallari, Donato"]
[Black "Hu, Xi"]
[Result "1-0"]
[WhiteElo "1978"]
[BlackElo "2280"]
[PlyCount "139"]
[EventDate "2013.04.03"]
[EventType "swiss"]
[EventRounds "9"]
[EventCountry "AUS"]
[SourceTitle "EXT 2023"]
[Source "ChessBase"]
[SourceDate "2022.10.05"]
[SourceVersion "1"]
[SourceVersionDate "2022.10.05"]
[SourceQuality "1"]

1. e4 e6 2. d4 d5 3. Nc3 Nf6 4. Bg5 Be7 5. Bxf6 Bxf6 6. Nf3 c5 7. Bb5+ Nc6 8. e5 Be7 9. 0-0 0-0 10. Bxc6 bxc6 11. Re1 Rb8 12. Na4 cxd4 13. Nxd4 Bd7 14. Nb3 Rb5 15. Qd4 a5 16. Qa7 Rb4 17. Nbc5 Bc8 18. b3 Rb5 19. Rad1 Bxc5 20. Nxc5 Qb6 21. Qxb6 Rxb6 22. a4 Re8 23. Rd4 f6 24. f4 Kf7 25. Kf2 Re7 26. Re3 Ke8 27. Rg3 Kd8 28. Rh3 fxe5 29. fxe5 Rf7+ 30. Rf3 Ke7 31. Rxf7+ Kxf7 32. Rf4+ Ke7 33. Rh4 h6 34. Rg4 Kf7 35. Rf4+ Ke7 36. h4 Rb8 37. g4 g5 38. hxg5 hxg5 39. Rf6 Bd7 40. Rg6 Rf8+ 41. Ke3 Be8 42. Rxe6+ Kd8 43. Rf6 Rh8 44. Ne6+ Ke7 45. Nxg5 Rh2 46. Rf2 Rxf2 47. Kxf2 Bg6 48. Nf3 c5 49. Ne1 Ke6 50. Nd3 Bh7 51. Nxc5+ Kxe5 52. Ke3 Bxc2 53. Kd2 Bg6 54. Nb7 Kf4 55. g5 Kxg5 56. Nxa5 Kf6 57. Kc3 Ke5 58. Nc6+ Kd6 59. Nd4 Kc5 60. a5 Be8 61. Nf5 Bd7 62. b4+ Kb5 63. Ne7 Be6 64. Kd4 Bh3 65. Nxd5 Bf1 66. Kc3 Kc6 67. Ne7+ Kb5 68. Nf5 Ka6 69. Nd4 Bg2 70. Kb3 1-0

[Event "Hong Kong-ch op"]
[Site "Hong Kong"]
[Date "2012.09.29"]
[Round "3"]
[White "Senador, Emmanuel"]
[Black "Hu, Xi"]
[Result "1-0"]
[WhiteElo "2367"]
[BlackElo "2352"]
[PlyCount "92"]
[EventDate "2012.09.28"]
[EventType "swiss"]
[EventRounds "9"]
[EventCountry "HKG"]
[SourceTitle "EXT 2024"]
[Source "ChessBase"]
[SourceDate "2023.10.10"]
[SourceVersion "1"]
[SourceVersionDate "2023.10.10"]
[SourceQuality "1"]

1. e4 e6 2. d4 d5 3. Nc3 Nf6 4. Bg5 Be7 5. e5 Nfd7 6. h4 Bxg5 7. hxg5 Qxg5 8. Nh3 Qe7 9. Nf4 Nb6 10. Qg4 g6 11. Rh6 Nc6 12. 0-0-0 Bd7 13. Qh3 Qg5 14. g3 0-0-0 15. Rxh7 Rxh7 16. Qxh7 Be8 17. Bb5 Kd7 18. Kb1 a6 19. Bxc6+ Kxc6 20. Rh1 Nc4 21. b3 Nd2+ 22. Kb2 Ne4 23. Nxe4 dxe4 24. Rd1 e3 25. Qh2 exf2 26. Qxf2 Kd7 27. d5 Qxe5+ 28. Kb1 Kc8 29. Qa7 c6 30. d6 Rxd6 31. Qa8+ Kc7 32. Rxd6 Qxd6 33. Qxe8 Qd1+ 34. Kb2 Qd4+ 35. Kc1 Qc3 36. Kd1 Qf3+ 37. Kd2 Qf2+ 38. Ne2 Qf6 39. Ke1 Qa1+ 40. Kf2 Qf6+ 41. Kg2 g5 42. g4 Qg6 43. Qe7+ Kc8 44. Kf3 f5 45. Nd4 fxg4+ 46. Ke3 Kb8 1-0